[Event "GER-ch39 V08 email"]
[Site "GER email"]
[Date "2007.04.15"]
[Round "?"]
[White "Bley, Manfred"]
[Black "Farmer, Walter"]
[Result "1/2-1/2"]
[WhiteElo "2021"]
[BlackElo "2134"]
[PlyCount "75"]
[EventDate "2007.??.??"]
[EventType "tourn (corr)"]
[EventRounds "10"]
[EventCountry "GER"]
[SourceTitle "Corr 2011"]
[Source "ChessBase"]
[SourceDate "2010.08.31"]
[SourceVersion "1"]
[SourceVersionDate "2010.08.31"]
[SourceQuality "1"]

1. e4 c5 2. Nf3 Nc6 3. d4 cxd4 4. Nxd4 e5 5. Nb5 d6 6. Be3 Nf6 7. N1c3 a6 8. Na3 Rb8 9. Nd5 Nxd5 10. exd5 Ne7 11. b4 Nf5 12. Bd2 g6 13. Bd3 Bg7 14. 0-0 0-0 15. Re1 Bd7 16. Rb1 Qc7 17. c4 b6 18. Rc1 Nd4 19. Nb1 a5 20. Nc3 axb4 21. Nb5 Bxb5 22. cxb5 Qa7 23. Bxb4 Rfd8 24. a4 Ra8 25. Ra1 Qb7 26. Bc3 Rdc8 27. Bxd4 exd4 28. h4 Be5 29. h5 Rc3 30. g3 Kg7 31. f4 Bf6 32. Qf3 Qd7 33. hxg6 hxg6 34. Kg2 Qc8 35. Re2 Rb3 36. Rh1 Qc3 37. Rd1 Rh8 38. g4 1/2-1/2

[Event "GER-ch39 V08 email"]
[Site "GER email"]
[Date "2007.04.15"]
[Round "?"]
[White "Bley, Manfred"]
[Black "Wolf, Wolfgang"]
[Result "1/2-1/2"]
[WhiteElo "2021"]
[BlackElo "2285"]
[PlyCount "66"]
[EventDate "2007.??.??"]
[EventType "tourn (corr)"]
[EventRounds "10"]
[EventCountry "GER"]
[SourceTitle "Corr 2011"]
[Source "ChessBase"]
[SourceDate "2010.08.31"]
[SourceVersion "1"]
[SourceVersionDate "2010.08.31"]
[SourceQuality "1"]

1. e4 e5 2. Nf3 Nc6 3. Bb5 a6 4. Bxc6 dxc6 5. 0-0 Bg4 6. h3 h5 7. d3 Qf6 8. Nbd2 Ne7 9. Re1 Ng6 10. d4 Bd6 11. hxg4 hxg4 12. Nh2 Rxh2 13. Qxg4 Qh4 14. Qxh4 Rxh4 15. Nf3 Rh5 16. Be3 0-0-0 17. g3 f6 18. Kg2 Rdh8 19. Rh1 Rxh1 20. Rxh1 Rxh1 21. Kxh1 exd4 22. Bxd4 c5 23. Be3 Kd7 24. Kg2 Ke6 25. Nd2 Ne5 26. f4 Nc6 27. c3 b5 28. Nf3 Na5 29. Kf2 Nc4 30. b3 Nb6 31. g4 c4 32. Bxb6 cxb6 33. Ke3 Ba3 1/2-1/2

[Event "GER-ch37 V5 email"]
[Site "GER email"]
[Date "2006.10.13"]
[Round "?"]
[White "Bley, Manfred"]
[Black "Goy, Udo"]
[Result "1/2-1/2"]
[WhiteElo "2021"]
[BlackElo "2063"]
[PlyCount "42"]
[EventDate "2006.??.??"]
[EventType "tourn (corr)"]
[EventRounds "10"]
[EventCountry "GER"]
[SourceTitle "Corr 2008"]
[Source "ChessBase"]
[SourceDate "2008.06.24"]
[SourceVersion "1"]
[SourceVersionDate "2008.06.24"]
[SourceQuality "1"]

1. e4 d6 2. d4 Nf6 3. Nc3 g6 4. f4 Bg7 5. Nf3 0-0 6. e5 dxe5 7. dxe5 Qxd1+ 8. Kxd1 Rd8+ 9. Ke1 Ne8 10. Be3 Nc6 11. Rd1 Bg4 12. Bc4 Rxd1+ 13. Nxd1 Bxf3 14. gxf3 Bh6 15. Ke2 Rd8 16. c3 Ng7 17. Nf2 Nf5 18. Bc1 Kf8 19. Ne4 Ng7 20. Rg1 Nh5 21. Ng5 Bxg5 1/2-1/2

[Event "GER-ch37 V5 email"]
[Site "GER email"]
[Date "2006.10.11"]
[Round "?"]
[White "Geissler, Walter"]
[Black "Bley, Manfred"]
[Result "1/2-1/2"]
[WhiteElo "2116"]
[BlackElo "2021"]
[PlyCount "61"]
[EventDate "2006.??.??"]
[EventType "tourn (corr)"]
[EventRounds "10"]
[EventCountry "GER"]
[SourceTitle "Corr 2008"]
[Source "ChessBase"]
[SourceDate "2008.06.24"]
[SourceVersion "1"]
[SourceVersionDate "2008.06.24"]
[SourceQuality "1"]

1. Nf3 Nf6 2. d4 g6 3. c4 Bg7 4. Nc3 0-0 5. g3 d6 6. Bg2 Nbd7 7. 0-0 e5 8. e4 c6 9. b3 Re8 10. h3 exd4 11. Nxd4 Nc5 12. Re1 a5 13. Bf4 h6 14. Qc2 Nh7 15. Qd2 Ng5 16. h4 Nh3+ 17. Bxh3 Bxh3 18. Bxh6 Be5 19. Rad1 Qd7 20. Kh2 Kh7 21. Bf4 f6 22. Bxe5 dxe5 23. Nxc6 Be6 24. Qxd7+ Nxd7 25. Nd5 bxc6 26. Nc7 Nc5 27. Rd6 Red8 28. Rxc6 Nd3 29. Re2 Bg4 30. f3 Bxf3 31. Re3 1/2-1/2